Statistics for Japanese Adjectives

Click here to take the quiz!

General Stats

  • This quiz has been taken 21 times
  • The average score is 8 of 27

Answer Stats

HintBegins withAnswer% Correct
Longnanagai
83%
Talltatakai
83%
Badwawarui
72%
Bright/cheerfulakakarui
67%
Good writingiiii
61%
Cool/attractivekakakkoii
56%
Short (length)mimijikai
56%
Good speakingyoyoi
50%
Clever/smartatatamagai
44%
Short (height)hihikui
44%
Strictkikibishii
33%
Healthygegenki (na)
28%
Skillfuljojouzu (na)
28%
Quiet Personalityototonashi
28%
Unskillfulheheta (na)
22%
Not confident/ good atninigate (na)
17%
Trendyososhare (na)
17%
Shyshshai (na)
11%
Righteousmamajime (na)
6%
Good at/ confidenttotokui (na)
6%
na joining~add de to end
0%
i joining~add kute to end
0%
Not coolkakakkwarui
0%
Creativekukureitebu (na)
0%
Not quietototonashwarui
0%
Sociableshshakouteki (na)
0%
Kindshshinsetsu (na)
0%

Score Distribution

Percentile by Number Answered

Percent of People with Each Score

Your Score History

You have not taken this quiz